| 000 | 01308cam a2200385 i 4500 | ||
|---|---|---|---|
| 001 | 200463117 | ||
| 003 | TR-AnTOB | ||
| 005 | 20241118085617.0 | ||
| 007 | ta | ||
| 008 | 110228s2010 tu 000 1 tur d | ||
| 020 | _a9786054263646 | ||
| 040 |
_aSULEY _beng _erda _cSULEY _dTR-AnTOB |
||
| 041 | 1 |
_atur _heng |
|
| 050 | 1 | 4 |
_aPS3603.A869 _bC3719 2010 |
| 090 |
_aPS3603.A869 _bC3719 2010 |
||
| 100 | 1 |
_aCast, P. C. _eauthor _9146326 |
|
| 240 | 1 | 0 |
_aTempted. _lTürkçe. |
| 245 | 1 | 0 |
_aYanmış / _cP. C. Cast, Kristin Cast ; İngilizce'den çeviren, Sevinç Tezcan Yanar. |
| 250 | _a1. Baskı. | ||
| 264 | 1 |
_aİstanbul : _bPegasus Yayınları, _c2010. |
|
| 300 |
_a430 pages ; _c21 cm |
||
| 336 |
_atext _btxt _2rdacontent |
||
| 337 |
_aunmediated _bn _2rdamedia |
||
| 338 |
_avolume _bnc _2rdacarrier |
||
| 490 | 0 |
_aPegasus yayınları ; _v259 _aBestseller roman ; _v89 |
|
| 500 | _aEserin özgün adı : Tempted. | ||
| 600 | 1 | 0 |
_aRedbird, Zoey _c(Fictitious character) _9146329 |
| 650 | 7 |
_aVampirler _vRoman _2etuturkob _995289 |
|
| 700 | 1 |
_aCast, Kristin _eauthor _9146330 |
|
| 700 | 1 |
_aYanar, Sevinç Tezcan _etranslator _973922 |
|
| 830 | 0 |
_aPegasus Yayınları ; _v259 _9784 |
|
| 830 | 0 |
_aPegasus Yayınları. _pBestseller roman dizisi ; _v89 _921459 |
|
| 942 |
_2lcc _cBK |
||
| 999 |
_c200463117 _d81329 |
||